Principles of river engineering : the non-tidal alluvial river /

Bibliographic Details
Other Authors: Jansen, Pieter Philippus, 1902-
Format: Book
Language:English
Published: London ; San Francisco : Pitman, 1979.
Subjects:

MARC

Tag First Indicator Second Indicator Subfields
LEADER 00000cam a2200000 i 4500
001 in00000029731
005 20151007062920.0
008 791203s1979 enka b 00100 eng
010 |a  79320168   |z  79040141  
015 |a GB*** 
020 |a 0273011391 :  |c 45.00 
035 |a (OCoLC)05740801 
035 |9 AAD6087AM 
040 |a DLC  |c DLC  |d TXA  |d UtOrBLW 
049 |a TXAM  |c [1383785] 
050 0 0 |a TC530  |b .P74 
082 0 |a 627/.12 
245 0 0 |a Principles of river engineering :  |b the non-tidal alluvial river /  |c editorial board, P. Ph. Jansen [and others]. 
264 1 |a London ;  |a San Francisco :  |b Pitman,  |c 1979. 
300 |a xv, 509 pages :  |b illustrations ;  |c 31 cm. 
336 |a text  |b txt  |2 rdacontent 
337 |a unmediated  |b n  |2 rdamedia 
338 |a volume  |b nc  |2 rdacarrier 
500 |a Includes index. 
504 |a Bibliography: pages 481-504. 
650 0 |a Rivers  |x Regulation. 
700 1 |a Jansen, Pieter Philippus,  |d 1902- 
999 |a MARS 
999 f f |s bafe13c4-57fb-3760-81cc-76343eecea2d  |i 82934057-fda8-3b08-83fd-3c4aa3efb2ea  |t 0 
952 f f |p ric  |a Texas A&M University  |b Rellis Campus  |c Joint Library Facility  |d Remote Storage  |t 0  |e TC530 .P74  |h Library of Congress classification  |i unmediated -- volume  |m A14805353057 
998 f f |a TC530 .P74  |t 0  |l Remote Storage